000 00379nam a2200145Ia 4500
008 230711s9999||||xx |||||||||||||| ||und||
041 _aENG
082 _a621
_bHO-C
100 _aHolt JA
245 0 _aCases and application in lotus 1-2-3 with holiday
250 _a3rd
260 _c1990
_aNew Delhi
_bGalgotia Publications Pvt.Ltd
650 _aComputer Engineering
942 _cBK
999 _c181
_d181